[Event "Chigorin Memorial 27th"]
[Site "St Petersburg"]
[Date "2019.10.11"]
[Round "7"]
[White "Sinitsina, Anastassia"]
[Black "Khurkhesova, Viktoriya"]
[Result "0-1"]
[WhiteElo "2163"]
[BlackElo "1897"]
[PlyCount "96"]
[EventDate "2019.10.05"]
[EventType "swiss"]
[EventRounds "9"]
[EventCountry "RUS"]
[SourceTitle "EXT 2021"]
[Source "ChessBase"]
[SourceDate "2020.10.23"]
[SourceVersion "1"]
[SourceVersionDate "2020.10.23"]
[SourceQuality "1"]

1. Nf3 c5 2. c4 Nf6 3. g3 d5 4. Bg2 Nc6 5. cxd5 Nxd5 6. b3 e5 7. d3 f6 8. 0-0 Be6 9. Bb2 Be7 10. Nbd2 0-0 11. a3 Rc8 12. Rc1 Qd7 13. Ne4 b6 14. e3 Nc7 15. Qc2 Na5 16. Ned2 Bf5 17. Ne1 Rfd8 18. e4 Bg4 19. f3 Bh5 20. h4 Bf7 21. Nc4 Nc6 22. f4 Nd4 23. Bxd4 Qxd4+ 24. Kh2 exf4 25. Rxf4 Ne6 26. Rf3 Qd7 27. Bh3 Qc7 28. Qb2 Nd4 29. Re3 Rb8 30. b4 b5 31. Nd2 Qe5 32. Rb1 cxb4 33. axb4 Bd6 34. Nf1 Qe7 35. Nf3 Nxf3+ 36. Rxf3 Be5 37. Qd2 Bg6 38. Re3 Rd4 39. Qa2+ Bf7 40. Qa5 Bd6 41. Qa1 Rxb4 42. Rxb4 Bxb4 43. d4 a5 44. e5 fxe5 45. dxe5 Be6 46. Bxe6+ Qxe6 47. Qd4 Rf8 48. Re2 Rf2+ 0-1

[Event "Chigorin Memorial 27th"]
[Site "St Petersburg"]
[Date "2019.10.08"]
[Round "4"]
[White "Khurkhesova, Viktoriya"]
[Black "Badalian, Tigran"]
[Result "1-0"]
[WhiteElo "1897"]
[BlackElo "1574"]
[PlyCount "33"]
[EventDate "2019.10.05"]
[EventType "swiss"]
[EventRounds "9"]
[EventCountry "RUS"]
[SourceTitle "EXT 2020"]
[Source "ChessBase"]
[SourceDate "2019.10.17"]
[SourceVersion "1"]
[SourceVersionDate "2019.10.17"]
[SourceQuality "1"]

1. d4 d5 2. c4 e6 3. Nc3 Nf6 4. cxd5 exd5 5. Bg5 Be7 6. e3 0-0 7. Bd3 h6 8. Bf4 c6 9. Nge2 b5 10. 0-0 a5 11. Rc1 Bd7 12. g3 Nh5 13. Be5 f6 14. Bxb8 Rxb8 15. g4 Qe8 16. gxh5 Qxh5 17. Ng3 1-0

[Event "St Petersburg Korchnoi Memorial op"]
[Site "St Petersburg"]
[Date "2018.08.23"]
[Round "9"]
[White "Khurkhesova, Viktoriya"]
[Black "Pakeeva, Namlana"]
[Result "0-1"]
[WhiteElo "1773"]
[BlackElo "1623"]
[PlyCount "96"]
[EventDate "2018.08.15"]
[EventType "swiss"]
[EventRounds "9"]
[EventCountry "RUS"]
[SourceTitle "CBM 186 Extra"]
[Source "ChessBase"]
[SourceDate "2018.08.24"]
[SourceVersion "1"]
[SourceVersionDate "2018.08.24"]
[SourceQuality "1"]

1. d4 Nf6 2. c4 c5 3. d5 b5 4. cxb5 a6 5. b6 d6 6. Nc3 Nbd7 7. e4 g6 8. Nf3 Bg7 9. Nd2 0-0 10. Be2 Rb8 11. 0-0 Rxb6 12. Nc4 Rb8 13. a4 Qc7 14. a5 Bb7 15. Bg5 Rfe8 16. f4 Nf8 17. e5 dxe5 18. fxe5 N6d7 19. d6 exd6 20. exd6 Qc8 21. Bf3 Ne5 22. Nxe5 Bxe5 23. Bd5 Bd4+ 24. Kh1 Ne6 25. Bh4 f5 26. Re1 Kg7 27. Qf3 Qd7 28. Be7 Bxd5 29. Nxd5 Rxb2 30. Rad1 Rf2 31. Nf6 Rxf3 32. Nxd7 Re3 33. Rxe3 Bxe3 34. Nf6 Rb8 35. Nd5 Bd4 36. Re1 Kf7 37. g3 c4 38. Rc1 Rb5 39. Nc7 Rc5 40. Nxa6 Rxa5 41. Nc7 Rc5 42. Rd1 Nxc7 43. Rxd4 Ne6 44. Rd1 c3 45. Rc1 c2 46. g4 fxg4 47. Kg2 Nf4+ 48. Kh1 Rd5 0-1

[Event "St Petersburg Korchnoi Memorial op"]
[Site "St Petersburg"]
[Date "2018.08.18"]
[Round "4"]
[White "Gutkovich, Polina"]
[Black "Khurkhesova, Viktoriya"]
[Result "1-0"]
[WhiteElo "2055"]
[BlackElo "1773"]
[PlyCount "153"]
[EventDate "2018.08.15"]
[EventType "swiss"]
[EventRounds "9"]
[EventCountry "RUS"]
[SourceTitle "CBM 186 Extra"]
[Source "ChessBase"]
[SourceDate "2018.08.24"]
[SourceVersion "1"]
[SourceVersionDate "2018.08.24"]
[SourceQuality "1"]

1. d4 d6 2. e4 Nf6 3. Nc3 Nbd7 4. Be3 e5 5. Nf3 Be7 6. g3 Ng4 7. Bg2 Nxe3 8. fxe3 c6 9. 0-0 0-0 10. Kh1 b5 11. Qe1 b4 12. Ne2 a5 13. Rd1 Qc7 14. Nh4 g6 15. g4 Ba6 16. Bf3 Nf6 17. g5 Ne8 18. Qg3 Ng7 19. Rg1 Rfe8 20. Nc1 Ne6 21. Nf5 gxf5 22. exf5 Nxg5 23. h4 h6 24. hxg5 Bxg5 25. Qh3 f6 26. Rd2 e4 27. Bh5 Rf8 28. d5 c5 29. Ne2 Bxe2 30. Bxe2 Kg7 31. Bd1 Rae8 32. Rh2 Rh8 33. c4 bxc3 34. bxc3 Re5 35. c4 Qd7 36. Rb2 Rf8 37. Bg4 Qc7 38. Rgb1 Re7 39. Rb6 Rd8 40. R1b5 Qa7 41. Kg1 Red7 42. Kf2 a4 43. Qh1 a3 44. Bd1 Rc8 45. Bc2 Re8 46. Qh5 Kf8 47. Qd1 Kg7 48. Ke2 Kf8 49. Qb1 Qa8 50. Rc6 Red8 51. Rbb6 Qa5 52. Qa1 Kf7 53. Rb5 Qa7 54. Qc3 Ra8 55. Rbb6 Ke7 56. Qb3 Qa5 57. Rb5 Qd8 58. Bxe4 Kf7 59. Bf3 Re7 60. e4 Bf4 61. Qb1 Qg8 62. Bh5+ Kg7 63. Kf3 Be5 64. Bg6 Qf8 65. Rcb6 Qc8 66. Rb8 Rxb8 67. Rxb8 Qc7 68. Bh5 Kh7 69. Qb3 Qa5 70. Bg6+ Kg7 71. Rb7 Qd8 72. Rxe7+ Qxe7 73. Qxa3 Qb7 74. Qa4 Bh2 75. Qc6 Qa7 76. a4 h5 77. a5 1-0

[Event "RUS-ch Eurasia Cup op"]
[Site "Ekaterinburg"]
[Date "2018.08.10"]
[Round "9"]
[White "Shadrin, Anton"]
[Black "Khurkhesova, Viktoriya"]
[Result "1-0"]
[WhiteElo "2092"]
[BlackElo "1773"]
[PlyCount "101"]
[EventDate "2018.08.01"]
[EventType "swiss"]
[EventRounds "9"]
[EventCountry "RUS"]
[SourceTitle "CBM 185 Extra"]
[Source "ChessBase"]
[SourceDate "2018.07.29"]
[SourceVersion "1"]
[SourceVersionDate "2018.07.29"]
[SourceQuality "1"]

1. e4 d6 2. d4 Nf6 3. Nc3 Nbd7 4. Nf3 e5 5. Be2 Be7 6. h3 0-0 7. Be3 c6 8. Qd2 b5 9. a3 a6 10. g4 g6 11. g5 Nh5 12. h4 f5 13. exf5 Rxf5 14. Nh2 exd4 15. Qxd4 Ne5 16. 0-0-0 Bb7 17. Qe4 d5 18. Qg2 Nf4 19. Bxf4 Rxf4 20. Ng4 Nxg4 21. Bxg4 Bc8 22. Bxc8 Qxc8 23. Rdg1 Qf5 24. Nd1 Bc5 25. h5 Bxf2 26. Rf1 Bd4 27. hxg6 hxg6 28. Re1 Rg4 29. Qh2 Qxg5+ 30. Kb1 Bg7 31. Ref1 Qh5 32. Qc7 Rh4 33. Rxh4 Qxh4 34. Qxc6 Rd8 35. Qxg6 Qh6 36. Qf7+ Kh8 37. Rf5 Rf8 38. Qxd5 Rxf5 39. Qxf5 Qh1 40. Qd7 a5 41. Ka2 b4 42. axb4 axb4 43. Ne3 Qa8+ 44. Kb3 Qf3 45. Qc8+ Bf8 46. Qe6 Bg7 47. Qe7 Bh6 48. Qd8+ Kh7 49. Qd3+ Kh8 50. Nf5 Qxd3+ 51. cxd3 1-0

[Event "RUS-ch Eurasia Cup op"]
[Site "Ekaterinburg"]
[Date "2018.08.09"]
[Round "8"]
[White "Khurkhesova, Viktoriya"]
[Black "Pogorelskikh, Sofia"]
[Result "0-1"]
[WhiteElo "1773"]
[BlackElo "2050"]
[PlyCount "70"]
[EventDate "2018.08.01"]
[EventType "swiss"]
[EventRounds "9"]
[EventCountry "RUS"]
[SourceTitle "CBM 185 Extra"]
[Source "ChessBase"]
[SourceDate "2018.07.29"]
[SourceVersion "1"]
[SourceVersionDate "2018.07.29"]
[SourceQuality "1"]

1. d4 Nf6 2. c4 g6 3. Nc3 Bg7 4. e4 d6 5. Be2 0-0 6. Bg5 Na6 7. Qd2 c6 8. f3 e5 9. d5 cxd5 10. cxd5 Bd7 11. g4 h6 12. Be3 h5 13. g5 Ne8 14. Bxa6 bxa6 15. Nge2 Nc7 16. h4 Nb5 17. Nd1 f5 18. a4 Nd4 19. Nxd4 exd4 20. Bxd4 fxe4 21. fxe4 Bxd4 22. Qxd4 Qe7 23. Nc3 Bg4 24. Kd2 Rab8 25. b4 Rf4 26. Raf1 Rbf8 27. Rxf4 Rxf4 28. Re1 Bc8 29. Qe3 Rxh4 30. Rf1 Rh2+ 31. Ke1 Rh3 32. Qc1 Bg4 33. Qd2 Qe5 34. Ne2 Qxe4 35. Qb2 Bxe2 0-1